[Event "Tournoi francophone 002 Groupe A"]
[Site "Skype"]
[Date "????.??.??"]
[Round "1.1"]
[White "Gharbi, Said"]
[Black "Lambert, Pierre"]
[Result "0-1"]
[WhiteElo "1660"]
[BlackElo "1857"]
[PlyCount "57"]

1. e4 c5 2. c3 d6 3. d4 Nf6 4. Nd2 g6 5. e5 dxe5 6. dxe5 Nd5 7. Nb3 Bg7 8. c4
Nb4 9. Qxd8+ Kxd8 10. Kd2 b6 11. a3 N4c6 12. Nf3 Nxe5 13. Nxe5 Bxe5 14. Bd3 Bb7
15. f3 Kc7 16. Kc2 Rd8 17. Bg5 f6 18. Rae1 Nc6 19. f4 Bxb2 20. Kxb2 Rxd3 21.
Bh4 Rad8 22. Bg3 Kc8 23. Nc1 Rd2+ 24. Kb1 Rxg2 25. Re6 Rdd2 26. Ka1 Nd4 27.
Rxe7 Nc2+ 28. Kb1 Rxg3 29. Rf1 0-1

[Event "Tournoi francophone 002 Groupe A"]
[Site "Skype"]
[Date "????.??.??"]
[Round "1.2"]
[White "Janssen, Gerard"]
[Black "Hilton, Stephen"]
[Result "0-1"]
[WhiteElo "1721"]
[BlackElo "1909"]
[PlyCount "90"]

1. d4 Nf6 2. c4 g6 3. Nc3 d5 4. Nf3 Bg7 5. e3 O-O 6. Be2 c5 7. O-O cxd4 8. Nxd4
e5 9. Nf3 e4 10. Nd4 Nc6 11. cxd5 Nb4 12. Qb3 Nbxd5 13. Bc4 Nb6 14. Bb5 Bd7 15.
a4 Qe7 16. a5 Bxb5 17. Qxb5 Nc8 18. b3 Nd6 19. Qb4 Rfd8 20. Ba3 Qe5 21. Rac1
Ng4 22. g3 Bh6 23. Kg2 Bxe3 24. fxe3 Nxe3+ 25. Kg1 Nxf1 26. Rxf1 Nf5 27. Nde2
Ne3 28. Rc1 f5 29. Qc5 Qxc5 30. Bxc5 Rd3 31. h3 Nd5 32. Nxd5 Rxd5 33. b4 Rc8
34. Kf2 Rd2 35. Ke3 Rb2 36. h4 b6 37. axb6 axb6 38. Bxb6 Rxe2+ 39. Kxe2 Rxc1
40. Ke3 Kf7 41. Kf4 Ke6 42. g4 Rc4 43. gxf5+ gxf5 44. Bc5 Rxc5 45. bxc5 Kd5 0-1

[Event "Tournoi francophone 002 Groupe A"]
[Site "Skype"]
[Date "????.??.??"]
[Round "1.3"]
[White "Brun, Jacques"]
[Black "Hervais, Adrien"]
[Result "0-1"]
[WhiteElo "1803"]
[BlackElo "1995"]
[PlyCount "42"]

1. e4 e6 2. d4 d5 3. Nc3 Nf6 4. Bg5 Bb4 5. Bxf6 gxf6 6. exd5 Qxd5 7. Nge2 Nc6
8. Rg1 e5 9. dxe5 Qxe5 10. Qd2 Bf5 11. f4 Qe6 12. O-O-O Rd8 13. Qe1 Rxd1+ 14.
Qxd1 Bxc3 15. Nxc3 Qe3+ 16. Kb1 Qxg1 17. Nd5 O-O 18. Nxf6+ Kh8 19. g4 Rd8 20.
Qe1 Bxg4 21. Nxg4 Qxg4 0-1

[Event "Tournoi francophone 002 Groupe A"]
[Site "Skype"]
[Date "????.??.??"]
[Round "1.4"]
[White "Bourdeau, Yvan"]
[Black "Deville, Olivier"]
[Result "0-1"]
[WhiteElo "1702"]
[BlackElo "1890"]
[PlyCount "96"]

1. c4 c5 2. Nc3 b6 3. Nf3 Bb7 4. d3 Nf6 5. e4 d6 6. Be2 e6 7. O-O Be7 8. h3 O-O
9. a3 Re8 10. Qc2 Nbd7 11. Bf4 Nf8 12. Nh2 Rc8 13. Rad1 Qc7 14. Bf3 Qb8 15.
Rfe1 Ng6 16. Bg3 a6 17. a4 Ba8 18. b3 Bd8 19. Nf1 Bc7 20. Bh2 Nh4 21. Be2 d5
22. g3 Ng6 23. Bf3 Red8 24. Nd2 h5 25. Nf1 h4 26. Kg2 Ne5 27. Qe2 Nxf3 28. Qxf3
Be5 29. g4 dxe4 30. dxe4 Bxh2 31. Nxh2 Nxe4 32. Rxd8+ Rxd8 33. Nxe4 Rd4 34. Kg1
Qb7 35. Nf6+ gxf6 36. Qxb7 Bxb7 37. Re3 Bc6 38. Nf3 Rd1+ 39. Kh2 Rf1 40. Nxh4
Rxf2+ 41. Kg1 Rd2 42. Nf3 Rd1+ 43. Kf2 Ra1 44. Ne1 Ra2+ 45. Kg3 Ra3 46. Rf3 Kg7
47. Re3 Bxa4 48. Nc2 Rxb3 0-1

[Event "Tournoi francophone 002 Groupe A"]
[Site "Skype"]
[Date "????.??.??"]
[Round "1.5"]
[White "Plourde, Alain"]
[Black "Ayotte, Jocelyn"]
[Result "0-1"]
[WhiteElo "1862"]
[BlackElo "2117"]
[PlyCount "60"]

1. d4 d5 2. Nf3 Nf6 3. c4 e6 4. Nc3 Be7 5. Bg5 O-O 6. e3 b6 7. cxd5 exd5 8. Bd3
c5 9. O-O c4 10. Bc2 Bg4 11. h3 Bh5 12. b3 Nc6 13. Qe2 Bb4 14. Bxf6 gxf6 15.
Na4 b5 16. Nb2 Qe7 17. bxc4 bxc4 18. Nxc4 dxc4 19. Qxc4 Rac8 20. d5 Ne5 21.
Bxh7+ Kxh7 22. Qh4 Kh6 23. Nxe5 fxe5 24. Qe4 f5 25. Qd3 e4 26. Qa6+ Bd6 27.
Rac1 Rcd8 28. Rc6 Qe5 29. g3 Rg8 30. Rxd6+ Rxd6 0-1

[Event "Tournoi francophone 002 Groupe A"]
[Site "Skype"]
[Date "????.??.??"]
[Round "2.1"]
[White "Lambert, Pierre"]
[Black "Ayotte, Jocelyn"]
[Result "1/2-1/2"]
[WhiteElo "1857"]
[BlackElo "2117"]
[PlyCount "92"]

1. e4 e6 2. d4 c5 3. Nf3 cxd4 4. Nxd4 Nf6 5. Nc3 Bb4 6. f3 Nc6 7. a3 Nxe4 8.
axb4 Qh4+ 9. g3 Nxg3 10. hxg3 Qxh1 11. Nxc6 bxc6 12. Be3 d5 13. Bc5 f6 14. Qe2
Kf7 15. b5 Bd7 16. Ra4 g5 17. Ra6 h5 18. bxc6 Bc8 19. Rxa7+ Rxa7 20. Bxa7 g4
21. Qg2 Qxg2 22. Bxg2 Ba6 23. b4 Rc8 24. b5 Bxb5 25. Nxb5 Rxc6 26. Nd4 Rc3 27.
fxg4 Rxg3 28. Bf3 Rg1+ 29. Kf2 Ra1 30. Bb8 hxg4 31. Bxg4 f5 32. Bf3 Kf6 33. Bc7
Ra2 34. Ke3 e5 35. Bd8+ Kg6 36. Nxf5 Kxf5 37. Bxd5 Ra3+ 38. Bb3 Ra8 39. Bb6 Rh8
40. Ba5 Rh3+ 41. Ke2 Ke4 42. Be1 Kd4 43. Bf2+ Kc3 44. Be1+ Kb2 45. Bf2 Rxb3 46.
cxb3 Kxb3 1/2-1/2

[Event "Tournoi francophone 002 Groupe A"]
[Site "Skype"]
[Date "????.??.??"]
[Round "2.2"]
[White "Deville, Olivier"]
[Black "Plourde, Alain"]
[Result "1-0"]
[WhiteElo "1890"]
[BlackElo "1862"]
[PlyCount "63"]

1. c4 Nf6 2. Nf3 e6 3. g3 b6 4. Bg2 Bb7 5. O-O Be7 6. d4 O-O 7. Nc3 d5 8. Ne5
c5 9. dxc5 Bxc5 10. Bg5 Be7 11. cxd5 exd5 12. Qb3 h6 13. Bxf6 Bxf6 14. Nd3 Bxc3
15. bxc3 Nc6 16. Qxd5 Qxd5 17. Bxd5 Nd8 18. Nf4 g5 19. Nh5 Bxd5 20. Nf6+ Kg7
21. Nxd5 Rc8 22. f4 g4 23. e4 f6 24. Rad1 Ne6 25. Rfe1 Kf7 26. e5 f5 27. Ne3
Kg6 28. Rd6 Rfe8 29. Nd5 Rcd8 30. Nc7 Rxd6 31. exd6 Nxc7 32. Rxe8 1-0

[Event "Tournoi francophone 002 Groupe A"]
[Site "Skype"]
[Date "????.??.??"]
[Round "2.3"]
[White "Hervais, Adrien"]
[Black "Bourdeau, Yvan"]
[Result "1-0"]
[WhiteElo "1995"]
[BlackElo "1702"]
[PlyCount "63"]

1. e4 c5 2. Nf3 Nc6 3. c3 d5 4. exd5 Qxd5 5. d4 cxd4 6. cxd4 e5 7. Nc3 Bb4 8.
a3 Bxc3+ 9. bxc3 Bg4 10. Be2 exd4 11. cxd4 Nf6 12. O-O O-O 13. Be3 Ne4 14. Qc2
Nd6 15. Rfd1 Bf5 16. Qb2 Rac8 17. Ne5 Na5 18. Qb4 Nac4 19. Nxc4 Nxc4 20. Bf3
Be4 21. Bxe4 Qxe4 22. d5 a5 23. Qxb7 Nxe3 24. fxe3 Qxe3+ 25. Kh1 Rc2 26. d6 Rd2
27. d7 Qe2 28. Rxd2 Qxd2 29. Qc7 g6 30. h3 Qg5 31. Re1 Qd2 32. Re8 1-0

[Event "Tournoi francophone 002 Groupe A"]
[Site "Skype"]
[Date "????.??.??"]
[Round "2.4"]
[White "Hilton, Stephen"]
[Black "Brun, Jacques"]
[Result "1-0"]
[WhiteElo "1909"]
[BlackElo "1803"]
[PlyCount "45"]

1. d4 g6 2. c4 Bg7 3. Nc3 c5 4. Nf3 cxd4 5. Nxd4 Nc6 6. Nxc6 bxc6 7. Qc2 Nf6 8.
e4 d5 9. cxd5 cxd5 10. exd5 O-O 11. Bd3 Nxd5 12. Nxd5 Bb7 13. Ne3 Qa5+ 14. Bd2
Qg5 15. h4 Qf4 16. Bc3 Rfc8 17. Qd2 Bh6 18. Qe2 Qa4 19. Bc2 Qc6 20. Qg4 Kf8 21.
O-O e6 22. Ba4 Qa6 23. Qd4 1-0

[Event "Tournoi francophone 002 Groupe A"]
[Site "Skype"]
[Date "????.??.??"]
[Round "2.5"]
[White "Gharbi, Said"]
[Black "Janssen, Gerard"]
[Result "0-1"]
[WhiteElo "1660"]
[BlackElo "1721"]
[PlyCount "38"]

1. e4 c5 2. c3 Nc6 3. Bb5 e5 4. Bxc6 dxc6 5. Nf3 Bd6 6. d4 cxd4 7. cxd4 Nf6 8.
dxe5 Bb4+ 9. Bd2 Bxd2+ 10. Nbxd2 Ng4 11. h3 Nh6 12. O-O O-O 13. Rc1 f5 14. exf6
Qxf6 15. e5 Qg6 16. Qb3+ Rf7 17. Rfe1 Bxh3 18. g3 Be6 19. Qxb7 Rxb7 0-1

[Event "Tournoi francophone 002 Groupe A"]
[Site "Skype"]
[Date "????.??.??"]
[Round "3.1"]
[White "Janssen, Gerard"]
[Black "Lambert, Pierre"]
[Result "0-1"]
[WhiteElo "1721"]
[BlackElo "1857"]
[PlyCount "60"]

1. d4 Nf6 2. c4 e6 3. Nc3 d5 4. e3 c6 5. Nf3 Nbd7 6. a4 Bd6 7. a5 O-O 8. Be2
Re8 9. O-O e5 10. dxe5 Nxe5 11. cxd5 Qc7 12. h3 Bd7 13. dxc6 Bxc6 14. Nd4 Rad8
15. Qb3 Bd7 16. Ncb5 Bxb5 17. Nxb5 Qb8 18. Nxd6 Rxd6 19. f4 Nc6 20. Bf3 Ne4 21.
Rd1 Nc5 22. Qb5 Rxd1+ 23. Bxd1 Qd6 24. Be2 a6 25. Qb6 Re4 26. Bd2 Qxd2 27. Rd1
Qxe3+ 28. Kh1 Qxe2 29. Rd8+ Nxd8 30. Qxd8+ Re8 0-1

[Event "Tournoi francophone 002 Groupe A"]
[Site "Skype"]
[Date "????.??.??"]
[Round "3.2"]
[White "Brun, Jacques"]
[Black "Gharbi, Said"]
[Result "1-0"]
[WhiteElo "1803"]
[BlackElo "1660"]
[PlyCount "55"]

1. e4 d5 2. exd5 Qxd5 3. Nc3 Qa5 4. Bc4 e6 5. d3 c6 6. Nf3 Bc5 7. O-O Nf6 8.
Bg5 Nbd7 9. a3 Qc7 10. b4 b5 11. Bb3 Bd6 12. h3 O-O 13. Re1 h6 14. Bc1 Nd5 15.
Ne4 Be5 16. Nxe5 Nxe5 17. Bb2 Ng6 18. c4 Ndf4 19. c5 Rd8 20. Nd6 Qe7 21. Re3
Nd5 22. Rg3 e5 23. Qd2 Ndf4 24. Re1 Nh5 25. Rxg6 Kh7 26. Rxe5 Qxe5 27. Bxe5
Kxg6 28. Bxf7+ 1-0

[Event "Tournoi francophone 002 Groupe A"]
[Site "Skype"]
[Date "????.??.??"]
[Round "3.3"]
[White "Bourdeau, Yvan"]
[Black "Hilton, Stephen"]
[Result "0-1"]
[WhiteElo "1702"]
[BlackElo "1909"]
[PlyCount "216"]

1. c4 g6 2. Nc3 Bg7 3. g3 Nf6 4. Bg2 O-O 5. Nf3 d5 6. cxd5 Nxd5 7. Nxd5 Qxd5 8.
O-O Nc6 9. d3 Qh5 10. e3 Bg4 11. h3 Bxh3 12. Bxh3 Qxh3 13. Ng5 Qf5 14. e4 Qd7
15. Qe2 Nd4 16. Qd1 Rad8 17. Rb1 h6 18. Nf3 Nxf3+ 19. Qxf3 Qxd3 20. Be3 Qa6 21.
Rfc1 Rd7 22. Bf4 Qxa2 23. Qa3 Qxa3 24. bxa3 c6 25. Be3 b6 26. Rxc6 Rfd8 27. a4
Rd1+ 28. Rxd1 Rxd1+ 29. Kg2 Rd7 30. Rc4 Kh7 31. Rb4 e6 32. Rc4 Bf6 33. Rb4 Rc7
34. Bf4 e5 35. Be3 Be7 36. Rb5 Bc5 37. Kf3 Bxe3 38. Kxe3 Rc3+ 39. Kd2 Rc4 40.
Rxe5 Rxa4 41. Re7 Kg7 42. Rb7 Kf6 43. f3 Ke6 44. Rb8 Ra5 45. Rb7 f5 46. exf5+
Kxf5 47. Ke3 Ra3+ 48. Ke2 h5 49. Rf7+ Kg5 50. Rb7 Kf6 51. Rb8 Rb3 52. Ra8 a5
53. Ra6 Rb5 54. Ke3 Rb4 55. Kd3 Kf5 56. Ke2 g5 57. Ra8 h4 58. Rf8+ Kg6 59. gxh4
Rxh4 60. Rb8 Rb4 61. Rg8+ Kf6 62. Rf8+ Kg7 63. Rf5 Kg6 64. Rf8 Rf4 65. Rg8+ Kh6
66. Rh8+ Kg7 67. Rb8 Rf6 68. Ra8 Kg6 69. Rg8+ Kf5 70. Ra8 Kf4 71. Kf2 Ke5 72.
Rg8 Kf4 73. Ra8 g4 74. fxg4 Kxg4+ 75. Ke3 Kf5 76. Kd3 Ke5 77. Kc4 Kd6 78. Rd8+
Kc7 79. Rd5 Kc6 80. Re5 Rf4+ 81. Kb3 Rd4 82. Re6+ Kc5 83. Re5+ Rd5 84. Re1 Kb5
85. Re4 Rc5 86. Rd4 Rh5 87. Re4 Rh3+ 88. Kb2 a4 89. Ka2 Ka5 90. Re5+ b5 91. Re4
Rh2+ 92. Ka1 a3 93. Kb1 b4 94. Re5+ Ka4 95. Re3 Rb2+ 96. Ka1 Rb3 97. Re2 Rc3
98. Re4 Rc1+ 99. Ka2 Rc2+ 100. Ka1 Kb3 101. Re3+ Kc4 102. Re4+ Kc3 103. Re3+
Kd4 104. Rb3 Kc4 105. Rh3 b3 106. Rh4+ Kc3 107. Rh3+ Kb4 108. Rh4+ Rc4 0-1

[Event "Tournoi francophone 002 Groupe A"]
[Site "Skype"]
[Date "????.??.??"]
[Round "3.4"]
[White "Plourde, Alain"]
[Black "Hervais, Adrien"]
[Result "1-0"]
[WhiteElo "1862"]
[BlackElo "1995"]
[PlyCount "117"]

1. d4 d5 2. Nf3 e6 3. c4 c6 4. cxd5 exd5 5. Qc2 Bd6 6. Nc3 Ne7 7. Bg5 f6 8. Bd2
Na6 9. a3 Bf5 10. e4 dxe4 11. Nxe4 Nc7 12. Bd3 O-O 13. O-O Ncd5 14. Rfe1 Kh8
15. Nxd6 Bxd3 16. Nf7+ Rxf7 17. Qxd3 Ng6 18. g3 Qd6 19. Rad1 Rd8 20. Qb3 Qc7
21. Qc4 Rfd7 22. Re2 Nf8 23. Rde1 Qc8 24. Bb4 Ng6 25. Bc5 a5 26. a4 Qb8 27. Ba3
b5 28. Qxc6 b4 29. Qxd7 Nf8 30. Qxd8 Qxd8 31. Re8 Qd6 32. R1e6 Qxe6 33. Rxf8+
Qg8 34. Rxg8+ Kxg8 35. Bxb4 Nxb4 36. Nd2 Nd3 37. Nc4 Kf7 38. Kf1 Ke6 39. Ke2
Nb4 40. Nxa5 Kd5 41. Ke3 Nc2+ 42. Kd3 Nxd4 43. b4 Nf3 44. h4 Ne5+ 45. Kc3 Ng4
46. f3 Nh2 47. f4 Nf1 48. g4 Ne3 49. g5 Ng2 50. gxf6 gxf6 51. Nb3 Nxh4 52. b5
Nf5 53. a5 Nd6 54. Kb4 h5 55. a6 Nc8 56. Ka5 h4 57. b6 Kc6 58. Nd4+ Kd7 59. a7
1-0

[Event "Tournoi francophone 002 Groupe A"]
[Site "Skype"]
[Date "????.??.??"]
[Round "3.5"]
[White "Ayotte, Jocelyn"]
[Black "Deville, Olivier"]
[Result "1-0"]
[WhiteElo "2117"]
[BlackElo "1890"]
[PlyCount "63"]

1. d4 Nf6 2. c4 e6 3. Nf3 Bb4+ 4. Nc3 b6 5. g3 Bb7 6. Bg2 O-O 7. O-O c5 8. d5
Bxc3 9. bxc3 d6 10. Nh4 e5 11. e4 Re8 12. Qd3 Nbd7 13. Nf5 Nf8 14. f4 Ng6 15.
Ne3 exf4 16. gxf4 Bc8 17. Bd2 Ng4 18. Rae1 Qh4 19. Nxg4 Qxg4 20. Rf3 Qh5 21.
Rg3 Qh4 22. Qf1 Qd8 23. f5 Ne5 24. f6 g6 25. Qf4 Nxc4 26. Rf1 Re5 27. Bc1 Qf8
28. Qh4 Kh8 29. Bh6 Qd8 30. Rxg6 Rh5 31. Rg8+ Kxg8 32. Qg3+ 1-0

[Event "Tournoi francophone 002 Groupe A"]
[Site "Skype"]
[Date "????.??.??"]
[Round "4.1"]
[White "Lambert, Pierre"]
[Black "Deville, Olivier"]
[Result "1/2-1/2"]
[WhiteElo "1857"]
[BlackElo "1890"]
[PlyCount "96"]

1. e4 c5 2. Nf3 d6 3. Bb5+ Nd7 4. O-O Ngf6 5. Re1 a6 6. Bxd7+ Nxd7 7. d4 e6 8.
Nc3 Be7 9. Be3 Qc7 10. Qd2 cxd4 11. Nxd4 Ne5 12. b3 O-O 13. Na4 b5 14. Nb2 Bb7
15. f3 Rac8 16. Rac1 Qb8 17. Qe2 Nc6 18. c4 b4 19. Nxc6 Bxc6 20. Nd3 Bd8 21.
Qf2 Bc7 22. Qd2 a5 23. Nf4 Bb6 24. Rcd1 Rcd8 25. Kh1 Bxe3 26. Qxe3 Qc7 27. Re2
Rb8 28. Red2 Rfd8 29. Nh5 Qe7 30. Qf4 e5 31. Qe3 Be8 32. Ng3 g6 33. Rd5 a4 34.
Qd2 axb3 35. axb3 Ra8 36. Qxb4 Rdb8 37. Qxd6 Qxd6 38. Rxd6 Rxb3 39. Nf1 Rc3 40.
Rd8 Rxd8 41. Rxd8 Kf8 42. Rc8 Ke7 43. Kg1 Bb5 44. Rc5 Bxc4 45. Nd2 Rc1+ 46. Kf2
Rc2 47. Rxc4 Rxd2+ 48. Kg3 h5 1/2-1/2

[Event "Tournoi francophone 002 Groupe A"]
[Site "Skype"]
[Date "????.??.??"]
[Round "4.2"]
[White "Hervais, Adrien"]
[Black "Ayotte, Jocelyn"]
[Result "0-1"]
[WhiteElo "1995"]
[BlackElo "2117"]
[PlyCount "110"]

1. e4 c5 2. Nf3 Nc6 3. d3 e6 4. Nbd2 d5 5. g3 Nf6 6. Bg2 Be7 7. O-O O-O 8. e5
Nd7 9. Re1 f5 10. exf6 gxf6 11. Bh3 Nde5 12. Nxe5 fxe5 13. Qg4+ Kh8 14. Nf3 e4
15. Ng5 Ne5 16. Nxe6 Nxg4 17. Nxd8 Bxd8 18. Bxg4 Bxg4 19. dxe4 Ba5 20. c3 d4
21. b4 cxb4 22. cxd4 Rac8 23. Bf4 Rc2 24. Rec1 Rfc8 25. Kg2 R8c3 26. Be3 Rxc1
27. Rxc1 Rxc1 28. Bxc1 Bd1 29. Bb2 Kg8 30. f3 Kf7 31. Kf2 Bc2 32. Ke3 Bb1 33.
a3 bxa3 34. Bxa3 Bc3 35. f4 b5 36. Bc5 a5 37. d5 b4 38. d6 Ke8 39. g4 Kd7 40.
e5 a4 41. f5 Bxe5 42. Bxb4 Bxh2 43. Kd4 Bxd6 44. Bc3 a3 45. Kd5 a2 46. Bb2 h6
47. Bc3 Bc2 48. Kc4 Bd1 49. Bf6 Bxg4 50. Kb3 Bxf5 51. Kxa2 Ke6 52. Bh4 Bd3 53.
Kb3 Be5 54. Kb4 Bd4 55. Kb3 Kf5 0-1

[Event "Tournoi francophone 002 Groupe A"]
[Site "Skype"]
[Date "????.??.??"]
[Round "4.3"]
[White "Hilton, Stephen"]
[Black "Plourde, Alain"]
[Result "1/2-1/2"]
[WhiteElo "1909"]
[BlackElo "1862"]
[PlyCount "97"]

1. Nf3 Nf6 2. c4 e6 3. g3 b6 4. Bg2 Bb7 5. O-O c5 6. Nc3 Be7 7. d4 O-O 8. d5
exd5 9. cxd5 d6 10. Nh4 Re8 11. Nf5 Bc8 12. Nxe7+ Qxe7 13. Bg5 h6 14. Bxf6 Qxf6
15. Qd2 Bd7 16. Rfe1 Na6 17. e4 Nc7 18. f4 Nb5 19. Nxb5 Bxb5 20. Rad1 Rad8 21.
Re3 Re7 22. Qc3 Qxc3 23. Rxc3 f6 24. Rdc1 Kf8 25. a3 Rb8 26. Bf3 g6 27. g4 Kf7
28. Kf2 Kg7 29. Rg1 Rbe8 30. h4 Rf8 31. Bh1 Rh8 32. Rcg3 Kf7 33. Bf3 Bd3 34.
Ke3 c4 35. Kd4 b5 36. h5 g5 37. fxg5 fxg5 38. Bg2 Ke8 39. Re3 Rf8 40. Bf3 Ref7
41. Be2 Bxe2 42. Rxe2 Rf2 43. Rge1 Rxe2 44. Rxe2 Rf4 45. Rg2 Ke7 46. Ke3 Kf6
47. Kd4 Ke7 48. Ke3 Kf6 49. Kd4 1/2-1/2

[Event "Tournoi francophone 002 Groupe A"]
[Site "Skype"]
[Date "????.??.??"]
[Round "4.4"]
[White "Gharbi, Said"]
[Black "Bourdeau, Yvan"]
[Result "0-1"]
[WhiteElo "1660"]
[BlackElo "1702"]
[PlyCount "32"]

1. e4 c5 2. c3 d5 3. e5 e6 4. d4 Nc6 5. Bb5 Qb6 6. Bxc6+ bxc6 7. b3 cxd4 8.
cxd4 Bb4+ 9. Kf1 Ba6+ 10. Ne2 Ne7 11. Bg5 O-O 12. Bxe7 Bxe7 13. Kg1 Bxe2 14.
Qxe2 Qxd4 15. Nc3 Qxc3 16. Rc1 Qxc1+ 0-1

[Event "Tournoi francophone 002 Groupe A"]
[Site "Skype"]
[Date "????.??.??"]
[Round "4.5"]
[White "Janssen, Gerard"]
[Black "Brun, Jacques"]
[Result "0-1"]
[WhiteElo "1721"]
[BlackElo "1803"]
[PlyCount "56"]

1. d4 g6 2. c4 Bg7 3. Nc3 c5 4. d5 Bxc3+ 5. bxc3 f5 6. Bg5 Qa5 7. Qc2 d6 8. Nf3
Nf6 9. Nd2 Nbd7 10. h3 Ne5 11. e3 Bd7 12. Be2 O-O-O 13. f4 Nf7 14. Bh4 Rhg8 15.
O-O h6 16. a4 g5 17. fxg5 hxg5 18. Be1 g4 19. h4 Ne5 20. g3 Nh5 21. Kg2 Ng6 22.
Rxf5 Bxf5 23. Qxf5+ Kb8 24. Qxh5 Qxc3 25. Rb1 Qxe3 26. Bxg4 Ne5 27. Be6 Nd3 28.
Nf3 Nf4+ 0-1

[Event "Tournoi francophone 002 Groupe A"]
[Site "Skype"]
[Date "????.??.??"]
[Round "5.1"]
[White "Brun, Jacques"]
[Black "Lambert, Pierre"]
[Result "0-1"]
[WhiteElo "1803"]
[BlackElo "1857"]
[PlyCount "112"]

1. e4 c5 2. Nf3 d6 3. d4 cxd4 4. Qxd4 Nc6 5. Bb5 Bd7 6. Bxc6 Bxc6 7. Nc3 Nf6 8.
Bg5 Nd7 9. Rd1 Qb6 10. Nd5 Bxd5 11. exd5 Qxd4 12. Nxd4 h6 13. Bh4 g5 14. Bg3
Bg7 15. O-O O-O 16. Rfe1 Rfe8 17. b3 a6 18. Nf5 Bf8 19. c4 b5 20. Re2 bxc4 21.
bxc4 Nb6 22. Re4 Rac8 23. Rc1 Nxd5 24. a4 Nf6 25. Re3 Rc5 26. Nd4 d5 27. Nb3
Rxc4 28. Rxc4 dxc4 29. Nd2 Rd8 30. Nf1 Nd5 31. Re2 c3 32. Rc2 Bg7 33. Ne3 Nb4
34. Rc1 e6 35. Kf1 f5 36. Bc7 Rd2 37. Ba5 Rxf2+ 38. Kxf2 Nd3+ 39. Ke2 Nxc1+ 40.
Kd1 Nb3 41. Bb4 a5 42. Ba3 Nd4 43. Nc4 Nc6 44. Kc2 Nd4+ 45. Kd1 Nc6 46. Kc2 Kf7
47. Bc5 Bf8 48. Nd6+ Bxd6 49. Bxd6 e5 50. Kxc3 Ke6 51. Bf8 h5 52. Bh6 g4 53. g3
Kd5 54. Kd3 Nb4+ 55. Kc3 Na6 56. Kd3 Nc5+ 0-1

[Event "Tournoi francophone 002 Groupe A"]
[Site "Skype"]
[Date "????.??.??"]
[Round "5.2"]
[White "Bourdeau, Yvan"]
[Black "Janssen, Gerard"]
[Result "0-1"]
[WhiteElo "1702"]
[BlackElo "1721"]
[PlyCount "72"]

1. c4 c5 2. Nc3 Nf6 3. Nf3 e6 4. g3 d5 5. cxd5 exd5 6. d4 Nc6 7. Bg2 Be6 8. O-O
cxd4 9. Nxd4 Be7 10. Bf4 O-O 11. Ncb5 Nxd4 12. Qxd4 a6 13. Nc7 Rc8 14. Rac1 Bd6
15. Bxd6 Qxd6 16. Nxe6 fxe6 17. e4 e5 18. Qd3 d4 19. Rxc8 Rxc8 20. Qb3+ Kf8 21.
Qxb7 Rb8 22. Qa7 Rxb2 23. f4 Rxa2 24. fxe5 Qxe5 25. Qb6 a5 26. Qd8+ Kf7 27. Rf5
Ra1+ 28. Kf2 Ra2+ 29. Kg1 Rxg2+ 30. Kxg2 Qxe4+ 31. Rf3 a4 32. Qd7+ Kg6 33. Qxa4
h5 34. Qd1 Ng4 35. Qd3 Ne3+ 36. Qxe3 dxe3 0-1

[Event "Tournoi francophone 002 Groupe A"]
[Site "Skype"]
[Date "????.??.??"]
[Round "5.3"]
[White "Plourde, Alain"]
[Black "Gharbi, Said"]
[Result "*"]
[WhiteElo "1862"]
[BlackElo "1660"]
[PlyCount "71"]

1. Nf3 d5 2. d4 Bf5 3. c4 e6 4. Nc3 c6 5. cxd5 cxd5 6. e3 a6 7. Qa4+ Nd7 8. Be2
Ngf6 9. O-O b5 10. Qb3 Bd6 11. h3 O-O 12. Nh4 Be4 13. f3 Bg6 14. Nxg6 fxg6 15.
e4 Nh5 16. Nxd5 Ng3 17. Rf2 Nxe2+ 18. Rxe2 Qh4 19. e5 Qxd4+ 20. Qe3 Bxe5 21.
Ne7+ Kf7 22. Nc6 Qd6 23. Nxe5+ Kg8 24. Nxd7 Qxd7 25. Qxe6+ Rf7 26. Qxd7 Rxd7
27. Bf4 Rf8 28. Bg3 Rfd8 29. Rc1 Rd2 30. Rxd2 Rxd2 31. Be5 Re2 32. Rc8+ Kf7 33.
Rc7+ Kg8 34. Rxg7+ Kf8 35. Bc3 Re6 36. Rxh7 *

[Event "Tournoi francophone 002 Groupe A"]
[Site "Skype"]
[Date "????.??.??"]
[Round "5.4"]
[White "Ayotte, Jocelyn"]
[Black "Hilton, Stephen"]
[Result "1-0"]
[WhiteElo "2117"]
[BlackElo "1909"]
[PlyCount "117"]

1. d4 Nf6 2. c4 g6 3. Nc3 d5 4. Nf3 Bg7 5. g3 O-O 6. Bg2 dxc4 7. O-O c5 8. d5
a6 9. a4 Nbd7 10. e4 Ng4 11. Qe2 Nge5 12. Nd2 Nd3 13. Nxc4 Nxc1 14. Rfxc1 Ne5
15. h3 Nxc4 16. Qxc4 Qd6 17. f4 Bd4+ 18. Kh1 e5 19. dxe6 Bxe6 20. Qe2 Qd7 21.
g4 Rfe8 22. Rd1 Rad8 23. Qf3 Qe7 24. e5 Qh4 25. Kh2 h5 26. Qg3 Qxg3+ 27. Kxg3
hxg4 28. Ne4 Kg7 29. hxg4 Rh8 30. g5 Bd5 31. Nd6 Bxg2 32. Kxg2 Rh4 33. Kf3 Rh3+
34. Ke4 Re3+ 35. Kd5 Rf3 36. Rf1 Rb3 37. Rh1 Rb4 38. Rh3 Bf2 39. Rd1 Rxf4 40.
Rd2 Be1 41. Rdd3 Bf2 42. Rhf3 Rf5 43. Ke4 Rxf3 44. Rxf3 Bd4 45. Rxf7+ Kg8 46.
Rxb7 Bg1 47. Kd5 Be3 48. Kc6 Bxg5 49. Nf7 Re8 50. Nxg5 Rxe5 51. Nf7 Rh5 52. Nd8
g5 53. Ne6 Rh6 54. Kd5 Rg6 55. Ke5 Rh6 56. Nxg5 Rh4 57. Ne4 Rh5+ 58. Kd6 c4 59.
Nf6+ 1-0

[Event "Tournoi francophone 002 Groupe A"]
[Site "Skype"]
[Date "????.??.??"]
[Round "5.5"]
[White "Deville, Olivier"]
[Black "Hervais, Adrien"]
[Result "0-1"]
[WhiteElo "1890"]
[BlackElo "1995"]
[PlyCount "78"]

1. c4 e6 2. Nf3 d5 3. d4 c6 4. Nbd2 Nf6 5. e3 Bd6 6. Bd3 Nbd7 7. O-O O-O 8. e4
dxe4 9. Nxe4 Nxe4 10. Bxe4 Nf6 11. Bc2 Qc7 12. Bg5 Nh5 13. Ne5 g6 14. Ng4 f5
15. Nh6+ Kg7 16. g3 Be7 17. h4 Bxg5 18. hxg5 Nxg3 19. Re1 Nh5 20. d5 Qf4 21.
Qc1 Qxc1 22. Raxc1 Nf4 23. Kh2 Bd7 24. Kg3 Nh5+ 25. Kf3 Rae8 26. Ba4 e5 27.
dxc6 Bxc6+ 28. Bxc6 bxc6 29. Red1 Rd8 30. b4 Nf4 31. Rxd8 Rxd8 32. Re1 Rd3+ 33.
Re3 Rxe3+ 34. fxe3 Ne6 35. Ng4 Nxg5+ 36. Kg3 fxg4 37. Kxg4 Ne4 38. b5 cxb5 39.
cxb5 Nc3 0-1

[Event "Tournoi francophone 002 Groupe A"]
[Site "Skype"]
[Date "????.??.??"]
[Round "6.1"]
[White "Lambert, Pierre"]
[Black "Hervais, Adrien"]
[Result "1/2-1/2"]
[WhiteElo "1857"]
[BlackElo "1995"]
[PlyCount "59"]

1. e4 e5 2. Nf3 Nf6 3. Nxe5 d6 4. Nf3 Nxe4 5. d3 Nc5 6. Nc3 Be7 7. d4 Ne6 8.
Nd5 O-O 9. Bd3 c6 10. Nxe7+ Qxe7 11. O-O f5 12. Re1 Qf6 13. c3 Kh8 14. Bc2 d5
15. Qd3 Bd7 16. Re5 g6 17. Bh6 Rg8 18. Bd2 f4 19. Rae1 Na6 20. h4 Ng7 21. Qe2
Rae8 22. Re7 Bg4 23. Qe5 Qxe5 24. R1xe5 Bxf3 25. gxf3 Rxe7 26. Rxe7 Nh5 27. Bd3
Rg7 28. Re8+ Rg8 29. Re7 Rg7 30. Re8+ 1/2-1/2

[Event "Tournoi francophone 002 Groupe A"]
[Site "Skype"]
[Date "????.??.??"]
[Round "6.2"]
[White "Hilton, Stephen"]
[Black "Deville, Olivier"]
[Result "0-1"]
[WhiteElo "1909"]
[BlackElo "1890"]
[PlyCount "98"]

1. Nf3 c5 2. g3 b6 3. Bg2 Bb7 4. O-O Nf6 5. d3 e6 6. e4 d6 7. Nbd2 Be7 8. c3
O-O 9. Re1 Nbd7 10. Nc4 b5 11. Ne3 a6 12. b3 Nb6 13. Bb2 c4 14. e5 dxe5 15.
Nxe5 Bxg2 16. Nxg2 Qc7 17. d4 Nbd5 18. Rc1 Rac8 19. Ne3 Nxe3 20. Rxe3 Qb7 21.
f4 Nd5 22. Re1 Bf6 23. Qe2 cxb3 24. axb3 Rc7 25. c4 bxc4 26. bxc4 Nb4 27. Rb1
Bxe5 28. fxe5 a5 29. Ba3 Rb8 30. Red1 Qc6 31. Rbc1 Qa4 32. Ra1 Qb3 33. c5 Nc2
34. Rab1 Qxb1 35. Rxb1 Rxb1+ 36. Kg2 Nxa3 37. Qf3 Ra7 38. Qxa3 Rb4 39. c6 h6
40. Qc3 Rb8 41. Qc5 Rc7 42. Qd6 Rbc8 43. Qc5 a4 44. Qb4 Ra7 45. Qc5 Raa8 46. d5
exd5 47. Qxd5 a3 48. e6 fxe6 49. Qxe6+ Kh8 0-1

[Event "Tournoi francophone 002 Groupe A"]
[Site "Skype"]
[Date "????.??.??"]
[Round "6.3"]
[White "Gharbi, Said"]
[Black "Ayotte, Jocelyn"]
[Result "0-1"]
[WhiteElo "1660"]
[BlackElo "2117"]
[PlyCount "40"]

1. e4 d6 2. d4 g6 3. c3 Bg7 4. Bc4 Nf6 5. Nd2 O-O 6. Ngf3 c5 7. d5 a6 8. a4 e6
9. dxe6 Bxe6 10. e5 Ng4 11. Bxe6 fxe6 12. exd6 Qxd6 13. O-O Nc6 14. Re1 Rad8
15. Re2 Rxf3 16. g3 Rd3 17. Re4 Nf6 18. Rh4 Ne5 19. Qc2 Rxd2 20. Bxd2 Nf3+ 0-1